000 00275nam a22001337a 4500
008 171123b xxu||||| |||| 00| 0 eng d
020 _a064600408
041 _aeng
080 _a33
100 _a58
101 _aBUS
245 _aBUSINESS LAW
_cBABB,H.W
942 _2udc
_cBK
999 _c38374
_d38374